000 00306nam a2200121 i 4500
001 bg
245 0 _aPamiętniki Polaków 1918-1978.
_nT. 3,
_pLudowa i socjalistyczna 1948-1978.
260 _aWarszawa,
_c1983.
040 _cBPK
041 _apol
942 _cKS
008 s pl f |000 0 pol
999 _c22273
_d22273
856 _uhttp://koha.tu.koszalin.pl/cgi-bin/koha/opac-detail.pl?biblionumber=22273
_yKatalog online BPK